Missing Word: Jennifer Aniston Quiz Stats

Quiz Updated Dec 2, 2011

Challenge
Share
Tweet
Embed
Score 0/14 Timer 02:00
1 Play Today
Hint Missing Word % Correct
He's Just Not That _____ YouInto
95.8%
______ AlmightyBruce
94.4%
______ Came PollyAlong
93.9%
_______ & MeMarley
90.1%
Just _____ With ItGo
89.2%
Office ____Space
73.1%
She's the _______One
70.8%
Hint Missing Word % Correct
_______ PerfectPicture
61%
The ______ of My AffectionObject
60.5%
_______ Has It...Rumor
55.8%
The ______ HunterBounty
52.5%
'Til There Was _______You
50.7%
The Iron _____*Giant
48%
______ HappensLove
45.1%

Today's Daily Dose

You're not logged in!

Compare scores with friends on all Sporcle quizzes.
Sign Up with Email
OR
Log In

You Might Also Like...

Show Comments

Extras

Top Quizzes Today


Score Distribution

Your Account Isn't Verified!

In order to create a playlist on Sporcle, you need to verify the email address you used during registration. Go to your Sporcle Settings to finish the process.